00230nam a2200085Ia 4500008004100000100003000041245002200071260004200093260000900135170620s9999 xx 000 0 und d aBhaskaracharyulu- Yerroju 0aWorkers Education bNew Delhi- Discovery Publishing House c2002